| 000 | 01466nam a22004217a 4500 | ||
|---|---|---|---|
| 001 | 271 | ||
| 003 | FISKH | ||
| 005 | 20230313162512.0 | ||
| 008 | 230313b cb ||||| |||| 00| 0 eng d | ||
| 010 | _a 2016479935 | ||
| 020 | _a1911091026 | ||
| 020 | _a9781911091028 | ||
| 040 |
_aDLC _cDLC _beng _dFISKH |
||
| 042 | _apcc | ||
| 050 | 0 | 0 |
_aPZ8.A18 _bSin 2016 |
| 082 | 0 | 0 |
_a398.2 _223 |
| 100 | 1 |
_aAbdul-Qader, Ali, _eadapter. |
|
| 245 | 1 | 0 |
_aSindbad the sailor / _cretold by Ali Abdul-Qader ; illustrated by Sura Ghazwan. |
| 246 | 1 | 4 |
_aSindbad the sailor : _bfrom The one thousand and one nights |
| 264 | 1 |
_aStroud, Gloucestershire, UK _bReal Reads Ltd _c2016 |
|
| 264 | 4 | _c2016 | |
| 300 |
_a63 pages : _bcolor illustrations ; _c21 cm |
||
| 336 |
_atext _btxt _2rdacontent |
||
| 337 |
_aunmediated _bn _2rdamedia |
||
| 338 |
_avolume _bnc _2rdacarrier |
||
| 504 | _aIncludes bibliographical references (pages 60-61). | ||
| 505 | _aH | ||
| 520 | _aAn abridged, easy-to-read retelling of Sinbad's adventurous voyages that made him wealthy and famous. Includes "food for thought" and other supplementary materials. | ||
| 521 | 8 |
_a520
_bLexile |
|
| 521 | 8 |
_aH
_bRaz-Plus |
|
| 650 | 1 | _aFairy tales. | |
| 650 | 1 |
_aArabs _vFolklore. |
|
| 650 | 1 |
_aFolklore _zArab countries. |
|
| 700 | 1 |
_aGhazwan, Sura, _eillustrator. |
|
| 730 | 0 |
_aSindbad the sailor. _iAbridgment of (work): |
|
| 906 |
_a7 _bcbc _corigres _d2 _encip _f20 _gy-gencatlg |
||
| 942 |
_2ddc _cBK _n0 |
||
| 999 |
_c271 _d271 |
||